Σύνδεση εκπαιδευτικής έρευνας και πράξης : η ακαδημαϊκή πλευρά

Αποθηκεύτηκε σε:
Λεπτομέρειες βιβλιογραφικής εγγραφής
Άλλοι συγγραφείς: Σβολόπουλος, Βασίλης (Επιμελητής έκδοσης)
Μορφή: Βιβλίο
Γλώσσα:Greek
Δημοσίευση: Αθήνα : Ατραπός, 2008.
Θέματα:
Ετικέτες: Προσθήκη ετικέτας
Δεν υπάρχουν, Καταχωρήστε ετικέτα πρώτοι!

MARC

LEADER 00000cam a2200000 a 4500
001 1/117748
008 190107s2008####gr | ||| |||| ||gre||
020 |a 9789604590568 
040 |a GR-MyUa  |b gre  |c GR-MyUa  |e AACR2 
041 0 |a gre 
082 7 |a 370.72   |2 (23) 
245 0 0 |a Σύνδεση εκπαιδευτικής έρευνας και πράξης :   |b η ακαδημαϊκή πλευρά /   |c επιμέλεια: Βασίλειος Σβολόπουλος. 
260 |a Αθήνα :   |b Ατραπός,   |c 2008.  
300 |a 401 σ. :   |b σχήμ., πίν. ;   |c 24 εκ.  
504 |a Περιλαμβάνει βιβλιογραφικές παραπομπές.  
650 0 |a Action research in education. 
650 0 |a Education  |x Research  |x Evaluation. 
650 0 |a Education  |x Research  |z Greece. 
700 1 |a Σβολόπουλος, Βασίλης,  |e edt 
852 |a INST  |b RHODES  |e 20190107  |h 370.72 ΣΥΝ  |p 005400040371  |q 005400040371  |t BK  |y 0 
970 |z 07-01-2019